LIBRARY & INFORMATION CENTRE, KCAET, TAVANUR

ONLINE PUBLIC ACCESS CATALOGUE (OPAC)

Analytical geometry / (Record no. 2993)

MARC details
000 -LEADER
fixed length control field 00501cam a2200217ua 4500
041 ## - LANGUAGE CODE
Language code of text/sound track or separate title eng
082 ## - DEWEY DECIMAL CLASSIFICATION NUMBER
Classification number 516.3
Item number MIT/AN
100 ## - MAIN ENTRY--AUTHOR NAME
Personal name Mittal, S.C..
245 ## - TITLE STATEMENT
Title Analytical geometry /
250 ## - EDITION STATEMENT
Edition statement 4 /
260 ## - PUBLICATION, DISTRIBUTION, ETC. (IMPRINT)
Place of publication Meerut :
Name of publisher Pragati Prakashan ,
Year of publication 1981.
300 ## - PHYSICAL DESCRIPTION
Number of Pages 194 ; .
942 ## - ADDED ENTRY ELEMENTS (KOHA)
Koha item type Books
Holdings
Withdrawn status Lost status Damaged status Home library Current library Date acquired Full call number Accession Number Koha item type Cost, normal purchase price
Withdrawn   Damaged KAUAET   07/04/2012 516.3 14750 Books  
      KAUAET KAUAET 07/04/2012 516.3 14751 Books  
      KAUAET KAUAET 07/04/2012 516.3 14749 Books  
      KAUAET KAUAET 07/04/2012 516.3 14753 Books  
Withdrawn     KAUAET KAUAET 09/01/2025 516.3 MIT/AN 14752 Books 7.00
free website counter